000 00713nam a2200241Ia 4500
005 20241129111028.0
008 241129s9999||||xx |||||||||||||| ||und||
020 _a978-1-350-20225-2
037 _aTB
040 _aCRL
_beng
_cCRL
041 _aeng
_2eng
084 _aSN1:(X:8) P6;R0
_qCRL
100 _aMckenna Eugene Au.
_9723225
245 0 _aBusiness psychology and organizational behaviour
_cMckenna Eugene Au.
250 _a6th
260 _aLondon, UK
_bRoutledge
_c2020
300 _avii,978p.
365 _aUKP
_b54.99
490 _aBloomsbury introductions to world philosophies
650 _aPsychologyBehaviourism
942 _cTB
_hSN1:(X:8) P6;R0
999 _c1228606
_d1228606